| 000 | 00957nam a22002297i 4500 | ||
|---|---|---|---|
| 999 |
_c23115 _d23115 |
||
| 003 | AR-CdUCM | ||
| 008 | 241108b20122012 pe||||| |||| 00| 0 spa d | ||
| 020 | _a978-612-4075-32-2 | ||
| 040 |
_aMUNICIPALIDAD PROVINCIAL DEL CUSCO _cBIBLIOTECA MUNICIPAL DEL CUSCO |
||
| 041 | _hspa | ||
| 082 |
_a199.85 / I25 _bI25 |
||
| 100 |
_aIberico, Mariano _917771 |
||
| 245 |
_aRitmos del paisaje : _bNotas de viajes y pensamientos diferidos / |
||
| 260 |
_aLima : _bEditorial del Congreso del Perú _c2012 |
||
| 300 |
_a270 páginas. : _b23 páginas: fotografías _c23 cm |
||
| 505 | _aIntroducción filológica a las notas de viaje y pensamientos diferidos -- Notas de viaje -- Notas sobre el paisaje de la sierra -- Pensamientos diferidos -- Notas de viaje por tierras de Italia y Grecia -- Testimonios y recuerdos | ||
| 650 |
_aViajes _9856 |
||
| 650 |
_aPaisajes _913142 |
||
| 650 |
_aNaturaleza _94241 |
||
| 942 |
_2ddc _cLIBROS |
||
| 945 |
_apbj _d08-11-2024 |
||